00692nam a2200205Ia 4500003000900000008004100009020001800050040001600068080001500084110003500099245011700134250001300251260004400264300001100308650003600319650001900355942000700374999001500381952009000396IN-BaIIA211028s9999 xx 000 0 eng d a0-85229-413-1 cIIA Library a031bEBR-3 aEncyclopedia Britannica910946 4aThe New Encyclopaedia Britannica in 30 Volumesbvol. 3, macropaedia, knowledge in depthcEncyclopedia Britannica a28th ed. aChicagobEncyclopaedia Britannicac1984 a1186p. aEncyclopedia-Macropaedia913707 aNASA Thesaurus cBK c8153d8153 00104070aBANbBANcGENd1985-03-19l0o031/EBR-3p8991r2021-11-05w1985-03-19yBK